Loading...
| Science - Biology | 0 | 6 | 1 | 1 | 55 | 34 | 73.67 | 0 | 5 | 16.43 | 23.33 |
| History - Other | 0 | 2 | 0 | 0 | 20 | 36 | 56.00 | 0 | 1 | 9.18 | 6.67 |
| Science - Other | 0 | 2 | 0 | 0 | 20 | 25 | 26.00 | 2 | 2 | 12.62 | 16.67 |
| Science - Physics | 0 | 2 | 0 | 1 | 20 | 44 | 80.00 | 0 | 1 | 5.09 | 8.33 |
| History - World | 0 | 2 | 0 | 1 | 20 | 19 | 72.00 | 1 | 1 | 7.20 | 10.00 |
| Social Science | 0 | 1 | 0 | 1 | 10 | 107 | 107.00 | 0 | 1 | 0.08 | 2.08 |
| Literature - American | 0 | 1 | 0 | 0 | 10 | 45 | 45.00 | 0 | 0 | 5.82 | 3.33 |
| Mythology | 0 | 1 | 0 | 0 | 10 | 38 | 38.00 | 0 | 1 | 5.74 | 6.67 |
| Philosophy | 0 | 1 | 0 | 1 | 10 | 125 | 125.00 | 0 | 1 | 0.00 | 1.67 |
| Current Events | 0 | 0 | 2 | 0 | -10 | 0.00 | 0 | 0 | 0.00 | 0.00 |